Loading...

Introduction to psychology /

Bibliographic Details
Main Author: Hilgard, Ernest Ropiequet
Other Authors: Atkinson, Richard C., Atkinson, Rita L.
Format: Printed Book
Language:English
Published: New York : Harcourt Brace Jovanovich, c1979.
Edition:7th ed.
Subjects:
LEADER 00699 a2200205 4500
008 150103s9999 000 0 eng
020 |a 0155436686 
082 0 0 |a 150  
100 1 |a Hilgard, Ernest Ropiequet. 
245 1 0 |a Introduction to psychology / 
250 |a 7th ed. 
260 |a New York :  |b Harcourt Brace Jovanovich,  |c c1979. 
300 |a xv, 653 p., [2] leaves of plates : 
500 |a Includes index. 
650 0 |a Psychology. 
700 1 |a Atkinson, Richard C. 
700 1 |a Atkinson, Rita L. 
942 |c BK 
999 |c 303301  |d 303301 
952 |0 0  |1 0  |2 ddc  |4 0  |6 150_000000000000000_HIL_IN  |7 0  |9 346912  |a DRA  |b DRA  |c ST1  |d 2011-02-08  |i 3816  |l 2  |o 150 HIL/IN  |p DRA3816  |r 2017-06-16  |s 2017-06-01  |w 2011-02-08  |y BK